| 000 | 00515nam a22001817a 4500 | ||
|---|---|---|---|
| 003 | CEME | ||
| 005 | 20210628210742.0 | ||
| 008 | 210212b xxu||||| |||| 00| 0 eng d | ||
| 020 | _a981-403-503-3 | ||
| 040 | _c. | ||
| 082 | _a005.72 MCG | ||
| 100 |
_aMcgrath, Sean _956413 |
||
| 245 | _aXml by example building e-commerce applications | ||
| 260 |
_aNEW JERSEY _bPRENTICE HALL _c2000 |
||
| 300 | _aXXXVII,470P | ||
| 650 |
_aXML-DOCUMENT MARKUP LANGUAGE ELECRONICS COMMERCE E-COMMERCE _980856 |
||
| 942 |
_cBK _2ddc |
||
| 999 |
_c585709 _d585709 |
||